| 000 | 00983cam a2200325 4500 | ||
|---|---|---|---|
| 008 | 090401t1986 xxu||||| |||| 00| 0 eng d | ||
| 020 | _a0854063129 | ||
| 035 | _a(Sirsi) u42702 | ||
| 041 | _aeng | ||
| 050 | _a526.0601 | ||
| 110 |
_aInternational Cartographic Association _92595 |
||
| 245 | _aProceedings Auto Carto London ... international conference on the acquisition,management and presentation of spatial data , 14 - 19 September 1986 | ||
| 260 |
_aLondon _bAuto Carto London Ltd _c1986 |
||
| 300 | _a2v. : ill. ; 21cm. | ||
| 350 | _a40 | ||
| 650 | _aCOMPUTERS | ||
| 650 | _aDIGITAL MAPPING | ||
| 650 | _aGIS | ||
| 650 | _aHYDROGRAPHIC SURVEYING | ||
| 650 | _aLAND INFORMATION SYSTEMS | ||
| 650 | _aLAND SURVEYING | ||
| 650 | _aMAPPING | ||
| 650 | _aPHOTOGRAMMETRY | ||
| 650 | _aRASTER DATA STRUCTURES | ||
| 650 | _aREMOTE SENSING | ||
| 650 | _aVECTOR DATA STRUCTURES | ||
| 700 |
_aBlakemore, Michael. _xEditor |
||
| 942 | _n0 | ||
| 948 | _c04/03/1997 | ||
| 999 |
_c91168 _d91168 |
||